000 01320nam a2200277 a 4500
001 000026512
003 DO-SdBNP
005 20211115082307.0
008 110322s1996 dr a r 000 0 spa d
040 _aDO-SdBNP
_bspa
_cBNPHU
082 _a972.9375
_bC749s
111 2 _aCongreso sobre la Fundación de la Ciudad de Santo Domingo
_n(1 :
_d1995 :
_cSanto Domingo)
_953590
245 1 0 _aSobre la historia de la fundación de la ciudad de Santo Domingo y otros estudios de la época colonial:. :
_bponencias.
246 1 3 _aHistoria de la fundación de la ciudad de Santo Domingo
260 _aSanto Domingo :
_bAyuntamiento del Distrito Nacional,
_c1996.
300 _a396 p. :
_bil. ;
_c22 cm.
500 _aA la cabeza del título : Comisión Municipal para la Conmemoración del V Centenario de la Ciudad de Santo Domingo,
500 _aIncluye referencias bibliográficas y notas al pie de las páginas
504 _aBibliografía : p. 370-372
590 _aInventariado, 2020/BT
651 4 _aSanto Domingo (República Dominicana)
_xHistoria
_953591
_vCongresos, conferencias, etc.
651 4 _aRepública Dominicana
_y1844
_953592
_vCongresos, conferencias, etc.
710 1 2 _aDistrito Nacional (República Dominicana)
_bAyuntamiento
_953593
910 _aValidado. Control de calidad MFF
942 _2ddc
_cLBS1
999 _c26004
_d26004